Normal view
MARC view
- الأدب الياباني - تحليل ونقد - روايات حديثة
Entry Topical Term
001 - CONTROL NUMBER
- control field: 39472
003 - CONTROL NUMBER IDENTIFIER
- control field: JO-AjAnu
005 - DATE AND TIME OF LATEST TRANSACTION
- control field: 20230606080550.0
008 - FIXED-LENGTH DATA ELEMENTS
- fixed length control field: 230606|| aca||aabn | a|a d
040 ## - CATALOGING SOURCE
- Original cataloging agency: JO-AjAnu
- Transcribing agency: JO-AjAnu
150 ## - HEADING--TOPICAL TERM
- Topical term or geographic name entry element: الأدب الياباني - تحليل ونقد - روايات حديثة
670 ## - SOURCE DATA FOUND
- Source citation: Work cat.: (JO-AjAnu)20240: تأليف محمد،عبد الواحد, author 39471, الرواية اليابانية الحديثة